| 000 | 00365 a2200109 4500 | ||
|---|---|---|---|
| 001 | ART_2859 | ||
| 005 | 20260410161710.0 | ||
| 008 | 260409a | ||
| 245 | 1 | 0 | _aNotas para un modelo de industrialización con dependencia externa |
| 100 | 1 | _aVillanueva, Javier | |
| 773 | 0 |
_tDesarrollo económico _g- Vol. 5, Nº 17/19 T.1 (abr./dic. 1965) _wREV1174 |
|
| 999 |
_c16012 _d16012 |
||